<?xml version="1.0" encoding="UTF-8"?>
<record
    xmlns:xsi="http://www.w3.org/2001/XMLSchema-instance"
    xsi:schemaLocation="http://www.loc.gov/MARC21/slim http://www.loc.gov/standards/marcxml/schema/MARC21slim.xsd"
    xmlns="http://www.loc.gov/MARC21/slim">

  <leader>02208nam a22002417a 4500</leader>
  <controlfield tag="003">St Aloysius Coll</controlfield>
  <controlfield tag="005">20250620092307.0</controlfield>
  <controlfield tag="008">250620b        |||||||| |||| 00| 0 eng d</controlfield>
  <datafield tag="020" ind1=" " ind2=" ">
    <subfield code="a">9788120351264</subfield>
  </datafield>
  <datafield tag="040" ind1=" " ind2=" ">
    <subfield code="c">AL</subfield>
  </datafield>
  <datafield tag="041" ind1=" " ind2=" ">
    <subfield code="a">English</subfield>
  </datafield>
  <datafield tag="082" ind1=" " ind2=" ">
    <subfield code="2">23</subfield>
    <subfield code="a">547</subfield>
    <subfield code="b">MEHO</subfield>
  </datafield>
  <datafield tag="100" ind1=" " ind2=" ">
    <subfield code="a">Bhupinder Mehta</subfield>
    <subfield code="9">215594</subfield>
  </datafield>
  <datafield tag="245" ind1=" " ind2=" ">
    <subfield code="a">Organic chemistry</subfield>
  </datafield>
  <datafield tag="250" ind1=" " ind2=" ">
    <subfield code="a">2</subfield>
  </datafield>
  <datafield tag="260" ind1=" " ind2=" ">
    <subfield code="a">New Delhi</subfield>
    <subfield code="b">PHI Learning Private Ltd</subfield>
    <subfield code="c">2023</subfield>
  </datafield>
  <datafield tag="300" ind1=" " ind2=" ">
    <subfield code="a">xxxii,1172p</subfield>
    <subfield code="b">PB</subfield>
    <subfield code="c">23x18cm.</subfield>
  </datafield>
  <datafield tag="365" ind1=" " ind2=" ">
    <subfield code="2">General</subfield>
    <subfield code="a">1453</subfield>
    <subfield code="b">&#x20B9;1195.00</subfield>
    <subfield code="c">&#x20B9;</subfield>
    <subfield code="d">&#x20B9;956.00</subfield>
    <subfield code="e">20%</subfield>
    <subfield code="f">17/06/2025</subfield>
  </datafield>
  <datafield tag="520" ind1=" " ind2=" ">
    <subfield code="a">The second edition of the book continues to offer a range of pedagogical features maintaining the balanced approach of the text. The attempts have been made to further strengthen the conceptual understanding by introducing more ideas and a number of solved problems.
Comprehensive in approach, this text presents a rigorous treatment of organic chemistry to enable undergraduate students to learn the subject in a clear, direct, easily understandable and logical manner. Presented in a new and exciting way, the goal of this book is to make the study of organic chemistry as stimulating, interesting, and relevant as possible Beginning with the structures and properties of molecules, IUPAC nomenclature, stereochemistry, and mechanisms of organic reactions, proceeding next to detailed treatment of chemistry of hydrocarbons and functional groups, then to organometallic compounds and oxidation&#x2013;reduction reactions, and ending with a study of selected topics (such as heterocyclic compounds, carbohydrates, amino acids, peptides and proteins, drugs and pesticides, dyes, synthetic polymers and spectroscopy), the book narrates a cohesive story about organic chemistry. Transitions between topics are smooth, explanations are lucid, and tie-ins to earlier material are frequent to maintain continuity. The book contains over 500 solved problems from simple to really challenging ones with suitable explanations. In addition, over 275 examples and solved problems on IUPAC nomenclature, with varying levels of difficulty, are included.
</subfield>
  </datafield>
  <datafield tag="650" ind1=" " ind2=" ">
    <subfield code="2">Chemistry</subfield>
    <subfield code="a">Organic Chemistry</subfield>
    <subfield code="9">215595</subfield>
  </datafield>
  <datafield tag="700" ind1=" " ind2=" ">
    <subfield code="a">Mehta, Manju</subfield>
    <subfield code="9">215596</subfield>
  </datafield>
  <datafield tag="942" ind1=" " ind2=" ">
    <subfield code="2">ddc</subfield>
    <subfield code="c">BK</subfield>
  </datafield>
  <datafield tag="999" ind1=" " ind2=" ">
    <subfield code="c">234499</subfield>
    <subfield code="d">234499</subfield>
  </datafield>
  <datafield tag="952" ind1=" " ind2=" ">
    <subfield code="0">0</subfield>
    <subfield code="1">0</subfield>
    <subfield code="2">ddc</subfield>
    <subfield code="4">0</subfield>
    <subfield code="7">0</subfield>
    <subfield code="8">GC</subfield>
    <subfield code="a">SACPG</subfield>
    <subfield code="b">SACPG</subfield>
    <subfield code="d">2025-06-18</subfield>
    <subfield code="e">Biblios Book Point</subfield>
    <subfield code="g">956.00</subfield>
    <subfield code="l">0</subfield>
    <subfield code="o">547 MEHO</subfield>
    <subfield code="p">PG025027</subfield>
    <subfield code="r">2025-06-20 09:26:45</subfield>
    <subfield code="v">1195.00</subfield>
    <subfield code="w">0000-00-00</subfield>
    <subfield code="y">BK</subfield>
  </datafield>
</record>
